El bon assassí (Record no. 47248)

MARC details
000 -LEADER
campo de control de longitud fija 00751nam a2200229 i 4500
001 - NÚMERO DE CONTROL
campo de control 47248
003 - IDENTIFICADOR DE NÚMERO DE CONTROL
campo de control ES-MaACL
005 - FECHA Y HORA DE LA ÚLTIMA TRANSACCIÓN
campo de control 20230906161528.0
007 - CAMPO FIJO DE DESCRIPCIÓN FÍSICA--INFORMACIÓN GENERAL
campo de control de longitud fija t|
008 - DATOS DE LONGITUD FIJA--INFORMACIÓN GENERAL
campo de control de longitud fija 030404s1957 sp ||||1| cat d
100 1# - ENTRADA PRINCIPAL--NOMBRE DE PERSONA
Nombre de persona Coolen, Antoon.
9 (RLIN) 40366
245 13 - MENCIÓN DEL TÍTULO
Título El bon assassí
Resto del título : novel-la /
Mención de responsabilidad, etc. Antoon Coolen ; [traduit del neerlandés por Marcel-la Schlomer y Ferrán Canyameres].
250 ## - MENCION DE EDICION
Mención de edición 1ª ed.
260 ## - PUBLICACIÓN, DISTRIBUCIÓN, ETC.
Lugar de publicación, distribución, etc. Barcelona :
Nombre del editor, distribuidor, etc. Aymá,
Fecha de publicación, distribución, etc. [1957] (
Fabricante Rafael Salvá)
300 ## - DESCRIPCIÓN FÍSICA
Extensión 193 p. ;
Dimensiones 19 cm.
490 1# - MENCIÓN DE SERIE
Mención de serie El club dels novel-listes ;
Designación de volumen o secuencia 6
700 1# - ENTRADA AGREGADA--NOMBRE PERSONAL
Nombre de persona Schlomer, Marcel-la.
9 (RLIN) 104431
700 1# - ENTRADA AGREGADA--NOMBRE PERSONAL
Nombre de persona Canyameres, Ferran.
9 (RLIN) 181837
830 0# - PUNTO DE ACCESO ADICIONAL DE SERIE-TÍTULO UNIFORME
Título uniforme El club dels novel-listes ;
Designación de volumen o secuencia 6
9 (RLIN) 181454
852 ## - LOCALIZACIÓN
Ubicación ES-MaACL
Número de control de estantería C-13415
Sublocalización o colección R.41009
Holdings
Estatus retirado Estado de pérdida Estado de daño No para préstamo Biblioteca de origen Biblioteca actual Ubicación en estantería Fecha de adquisición Fuente de adquisición Total de préstamos Signatura topográfica completa Código de barras Visto por última vez Precio de reemplazo Tipo de ítem Koha
        Biblioteca del Ateneo de Madrid Biblioteca del Ateneo de Madrid Sala Palomar 17/01/2008     C-13415 1049694 23/02/2023 23/02/2023 Libro impreso